Т. 4: Электротермовязкоупругость; Механика связанных полей в элементах конструкций

Podrobná bibliografie
Parent link:Механика связанных полей в элементах конструкций: в 5 т./ Академия наук Украинской ССР (АН УССР), Институт механики ; под ред. А. Н. Гузя. Т. 4: Электротермовязкоупругость.— , 1987-1989
Hlavní autor: Карнаухов В. Г. Василий Гаврилович
Další autoři: Киричок И. Ф. Иван Федорович
Jazyk:ruština
Vydáno: 1987
Témata:
Médium: MixedMaterials Kniha
KOHA link:https://koha.lib.tpu.ru/cgi-bin/koha/opac-detail.pl?biblionumber=206562

MARC

LEADER 00000nam2a2200000 4500
001 206562
005 20231031190725.0
010 |a 512009323X 
020 |a RU  |b 88-67868 
035 |a (RuTPU)RU\TPU\book\225182 
090 |a 206562 
100 |a 20120113d1988 k y0rusy5003 ca 
101 0 |a rus 
102 |a UA 
105 |a a z 001zy 
200 0 |a Т. 4: Электротермовязкоупругость  |f В. Г. Карнаухов, И. Ф. Киричок 
210 |d 1987 
215 |a 320 с.  |c ил. 
461 1 |0 (RuTPU)RU\TPU\book\243474  |t Механика связанных полей в элементах конструкций  |o в 5 т.  |f Академия наук Украинской ССР (АН УССР), Институт механики ; под ред. А. Н. Гузя  |v Т. 4: Электротермовязкоупругость  |d 1987-1989 
610 1 |a вязкость 
610 1 |a температурные напряжения 
610 1 |a упругость 
610 1 |a механика 
610 1 |a деформируемые тела 
610 1 |a вязкоупругость 
610 1 |a поляризация 
610 1 |a намагничивание 
610 1 |a слабые поля 
610 1 |a оболочки 
675 |a 539.3  |v 3 
700 1 |a Карнаухов  |b В. Г.  |g Василий Гаврилович 
701 1 |a Киричок  |b И. Ф.  |g Иван Федорович 
801 0 |a RU  |b RuMRKP  |c 19960705  |g psbo 
801 1 |a RU  |b 63413507  |c 20120113 
801 2 |a RU  |b 63413507  |c 20180926  |g RCR 
942 |c BK